000 01091nam a2200301 a 4500
001 36940
003 BD-RjUL
005 20211209052547.0
008 140923s1993 coua b 001 0 eng
020 _a0813386357
035 _a(BD-RjUL)37042
040 _aDLC
_cDLC
_dDLC
_dBD-RjUL
_beng
041 _aeng
082 0 0 _a632.9091724
_220
_bCRO 1993
245 0 0 _aCrop protection strategies for subsistence farmers /
_cedited by Miguel A. Altieri.
260 _aBoulder :
_bWestview Press ;
_aLondon :
_bIT Publications,
_c1993.
300 _aix, 197 p. :
_bill. ;
_c24 cm.
504 _aIncludes bibliographical references and index.
650 0 _aPlants, Protection of
_zDeveloping countries.
_9112829
650 0 _aAgricultural pests
_xControl
_zDeveloping countries.
_9112830
650 0 _aAlternative agriculture
_zDeveloping countries.
_9112831
650 0 _aFarms, Small
_zDeveloping countries.
_9112832
700 1 _aAltieri, Miguel A.
_9112833
942 _2ddc
_cBK
999 _c36940
_d36940